Which Country Isn't Here? - Statistics

General Stats
  • This quiz has been taken 37 times
    18 since last reset
  • The average score is 45 of 196
Answer Stats
Not Answer % Correct
Democratic Republic of the Congo Not Democratic Republic of the Congo
80%
Niger Not Niger
80%
Republic of the Congo Not Republic of the Congo
80%
Dominican Republic Not Dominican Republic
60%
Philippines Not Philippines
60%
Spain Not Spain
60%
Zimbabwe Not Zimbabwe
60%
India Not India
50%
Romania Not Romania
50%
Saint Vincent and the Grenadines Not Saint Vincent and the Grenadines
50%
Slovakia Not Slovakia
50%
Tuvalu Not Tuvalu
50%
Bahrain Not Bahrain
40%
Bhutan Not Bhutan
40%
Bolivia Not Bolivia
40%
Central African Republic Not Central African Republic
40%
Comoros Not Comoros
40%
Gabon Not Gabon
40%
Italy Not Italy
40%
Kazakhstan Not Kazakhstan
40%
Laos Not Laos
40%
Latvia Not Latvia
40%
Lithuania Not Lithuania
40%
Luxembourg Not Luxembourg
40%
Mongolia Not Mongolia
40%
Morocco Not Morocco
40%
Nigeria Not Nigeria
40%
Saint Lucia Not Saint Lucia
40%
São Tomé and Príncipe Not São Tomé and Príncipe
40%
Taiwan Not Taiwan
40%
United States Not United States
40%
Zambia Not Zambia
40%
Afghanistan Not Afghanistan
30%
Algeria Not Algeria
30%
Andorra Not Andorra
30%
Bahamas Not Bahamas
30%
Bangladesh Not Bangladesh
30%
Belarus Not Belarus
30%
Brazil Not Brazil
30%
Cambodia Not Cambodia
30%
Canada Not Canada
30%
China Not China
30%
Denmark Not Denmark
30%
Dominica Not Dominica
30%
Iran Not Iran
30%
Iraq Not Iraq
30%
Japan Not Japan
30%
Kyrgyzstan Not Kyrgyzstan
30%
Mali Not Mali
30%
Mexico Not Mexico
30%
Myanmar Not Myanmar
30%
Nauru Not Nauru
30%
New Zealand Not New Zealand
30%
North Korea Not North Korea
30%
Palau Not Palau
30%
Panama Not Panama
30%
Peru Not Peru
30%
Russia Not Russia
30%
Saint Kitts and Nevis Not Saint Kitts and Nevis
30%
South Korea Not South Korea
30%
South Sudan Not South Sudan
30%
Sudan Not Sudan
30%
Trinidad and Tobago Not Trinidad and Tobabo
30%
Ukraine Not Ukraine
30%
United Kingdom Not United Kingdom
30%
Vanuatu Not Vanuatu
30%
Albania Not Albania
20%
Antigua and Barbuda Not Antigua and Barbuda
20%
Argentina Not Argentina
20%
Belgium Not Belgium
20%
Benin Not Benin
20%
Bosnia and Herzegovina Not Bosnia and Herzegovina
20%
Botswana Not Botswana
20%
Brunei Not Brunei
20%
Bulgaria Not Bulgaria
20%
Burkina Faso Not Burkina Faso
20%
Burundi Not Burundi
20%
Cameroon Not Cameroon
20%
Cape Verde Not Cape Verde
20%
Chad Not Chad
20%
Chile Not Chile
20%
Colombia Not Colombia
20%
Costa Rica Not Costa Rica
20%
Croatia Not Croatia
20%
Egypt Not Egypt
20%
Estonia Not Estonia
20%
Fiji Not Fiji
20%
Georgia Not Georgia
20%
Guinea Not Guinea
20%
Guyana Not Guyana
20%
Haiti Not Haiti
20%
Iceland Not Iceland
20%
Indonesia Not Indonesia
20%
Ireland Not Ireland
20%
Kenya Not Kenya
20%
Malta Not Malta
20%
Mauritania Not Mauritania
20%
Mauritius Not Mauritius
20%
Monaco Not Monaco
20%
Montenegro Not Montenegro
20%
Mozambique Not Mozambique
20%
North Macedonia Not North Macedonia
20%
Oman Not Oman
20%
Pakistan Not Pakistan
20%
Papua New Guinea Not Papua New Guinea
20%
Paraguay Not Paraguay
20%
Qatar Not Qatar
20%
Samoa Not Samoa
20%
San Marino Not San Marino
20%
Saudi Arabia Not Saudi Arabia
20%
Serbia Not Serbia
20%
Seychelles Not Seychelles
20%
Singapore Not Singapore
20%
Slovenia Not Slovenia
20%
Solomon Islands Not Solomon Islands
20%
Somalia Not Somalia
20%
South Africa Not South Africa
20%
Suriname Not Suriname
20%
Sweden Not Sweden
20%
Tajikistan Not Tajikistan
20%
Tanzania Not Tanzania
20%
Thailand Not Thailand
20%
Tunisia Not Tunisia
20%
Turkey Not Turkey
20%
United Arab Emirates Not United Arab Emirates
20%
Uruguay Not Uruguay
20%
Uzbekistan Not Uzbekistan
20%
Vatican City Not Vatican City
20%
Vietnam Not Vietnam
20%
Yemen Not Yemen
20%
Angola Not Angola
10%
Armenia Not Armenia
10%
Australia Not Australia
10%
Austria Not Austria
10%
Azerbaijan Not Azerbaijan
10%
Barbados Not Barbados
10%
Belize Not Belize
10%
Cuba Not Cuba
10%
Cyprus Not Cyprus
10%
Czech Republic Not Czech Republic
10%
Djibouti Not Djibouti
10%
East Timor Not East Timor
10%
Ecuador Not Ecuador
10%
El Salvador Not El Salvador
10%
Equatorial Guinea Not Equatorial Guinea
10%
Eritrea Not Eritrea
10%
Eswatini Not Eswatini
10%
Ethiopia Not Ethiopia
10%
Federated States of Micronesia Not Federated States of Micronesia
10%
Finland Not Finland
10%
France Not France
10%
Gambia Not Gambia
10%
Germany Not Germany
10%
Ghana Not Ghana
10%
Greece Not Greece
10%
Grenada Not Grenada
10%
Guatemala Not Guatemala
10%
Guinea-Bissau Not Guinea-Bissau
10%
Honduras Not Honduras
10%
Hungary Not Hungary
10%
Israel Not Israel
10%
Ivory Coast Not Ivory Coast
10%
Jamaica Not Jamaica
10%
Jordan Not Jordan
10%
Kiribati Not Kiribati
10%
Kosovo Not Kosovo
10%
Kuwait Not Kuwait
10%
Lebanon Not Lebanon
10%
Lesotho Not Lesotho
10%
Liberia Not Liberia
10%
Libya Not Libya
10%
Liechtenstein Not Liechtenstein
10%
Madagascar Not Madagascar
10%
Malawi Not Malawi
10%
Malaysia Not Malaysia
10%
Maldives Not Maldives
10%
Marshall Islands Not Marshall Islands
10%
Moldova Not Moldova
10%
Namibia Not Namibia
10%
Nepal Not Nepal
10%
Netherlands Not Netherlands
10%
Nicaragua Not Nicaragua
10%
Norway Not Norway
10%
Poland Not Poland
10%
Portugal Not Portugal
10%
Rwanda Not Rwanda
10%
Senegal Not Senegal
10%
Sierra Leone Not Sierra Leone
10%
Sri Lanka Not Sri Lanka
10%
Switzerland Not Switzerland
10%
Syria Not Syria
10%
Togo Not Togo
10%
Tonga Not Tonga
10%
Turkmenistan Not Turkmenistan
10%
Uganda Not Uganda
10%
Venezuela Not Venezuela
10%
No matching quizzes found
Score Distribution
Percent of People with Each Score
Percentile by Number Answered
Your Score History
You have not taken this quiz since the last reset